MARC

LEADER 00000nas a2200000 a 4500
001 ssj0000399
003 WaSeSS
005 20200512172242.0
006 m d
007 cr n
008 791204d19792003nyuwx p s 0 a0eng c
010 |a  95644356   |z  95644365   |z sn 79007733  
022 |l 0199-2864  |y 0199-2864 
030 |a AWEEEM 
032 |a 458870  |b USPS 
035 |a (WaSeSS)ssj0000399 
040 |a NSD  |b eng  |c NSD  |d NST  |d DLC  |d AIP  |d DLC  |d NSD  |d NST  |d HUL  |d NSD  |d NST  |d FUG  |d NST  |d NSD  |d DLC  |d GUA  |d DLC  |d BSS  |d GUA  |d OCLCQ  |d GUA  |d NSD  |d IUL  |d OCLCQ  |d CUS  |d IUL  |d OCLCQ  |d OCLCF  |d RDF  |d OCLCQ  |d WaSeSS 
042 |a nsdp  |a pcc 
043 |a n-use-- 
050 0 0 |a HF5801  |b .A417 
082 0 0 |a 659.1/0974/05  |2 20 
130 0 |a Adweek (Eastern ed.) 
210 0 |a Adweek  |b (East. ed.) 
222 0 |a Adweek  |b (Eastern ed.) 
245 1 0 |a Adweek  |h [electronic resource]. 
250 |a Eastern ed. 
260 |a [New York, N.Y.] :  |b [A/S/M Communications],  |c [-2003] 
310 |a 50 issues per year,  |b -2003 
321 |a Frequency varies,  |b 1979- 
321 |a 51 issues per year,  |b <1992-> 
362 1 |a Began with: Vol. 20, no. 47 (Nov. 19, 1979). 
362 0 |a -v. 44, no. 4 (Jan. 27, 2003). 
500 |a Publisher varies. 
506 |a License restrictions may limit access. 
525 |a Volumes for <1981-> include special directory issues. 
580 |a Merged with the other five regional print eds. of Adweek (Midwest ed., New England ed., Southeast ed., Southwest ed., and Western ed.), to form: Adweek (2003). 
588 |a Description based on: Vol. 26, no. 23 (May 6, 1985); title from caption. 
650 0 |a Advertising  |v Periodicals. 
650 0 |a Advertising  |z East (U.S.)  |v Periodicals. 
650 7 |a Advertising.  |2 fast  |0 (OCoLC)fst00797511 
651 7 |a United States, East.  |2 fast  |0 (OCoLC)fst01249209 
655 0 |a Electronic journals. 
770 0 |t Media outlook (New York, N.Y.) g <1990->  |w (DLC) 92660613  |w (OCoLC)26660068 
770 0 |t TV syndication  |g 1990-  |w (DLC)sn 95029203  |w (OCoLC)27122328 
770 0 |t Superbrands  |g 1992-1998  |w (DLC) 90643263  |w (OCoLC)22462491 
770 0 |t Infomercial and direct response television  |g 1995-  |w (DLC) 96648116  |w (OCoLC)32726819 
770 0 |t Best spots of the year  |w (OCoLC)49211196 
770 0 |t Adweek best spots  |w (DLC) 2007238352  |w (OCoLC)52724707 
780 0 0 |t Advertising news of New York  |x 0001-2041  |w (DLC)sn 79001048  |w (OCoLC)823812 
785 1 7 |t Adweek (Midwest ed.)  |x 0276-6612  |w (DLC)sn 81003980  |w (OCoLC)7391322 
785 1 7 |t Adweek (New England ed.)  |x 0888-0840  |w (DLC) 87641839  |w (OCoLC)13407251 
785 1 7 |t Adweek (Southeast ed.)  |x 8756-6389  |w (DLC) 89646028  |w (OCoLC)11626364 
785 1 7 |t Adweek (Southwest ed.)  |x 0746-892X  |w (DLC)sn 84002883  |w (OCoLC)9170436 
785 1 7 |t Adweek (Western ed.)  |w (DLC)sn 96047256  |w (OCoLC)34200613 
785 1 7 |t Adweek (2003)  |x 1549-9553  |w (DLC) 2003233090  |w (OCoLC)52059332 
850 |a CtY-SSE  |a DLC  |a FU  |a GU  |a MH-BA  |a MoU  |a NBC  |a NN  |a NNStJ  |a NSyU  |a NhD  |a PBL 
856 4 0 |z Full text available from Research Library: 10/13/1997 to 02/10/2003  |u https://search.proquest.com/publication/37822